书目信息 |
| 题名: |
法律的道路及其影响
|
|
| 作者: | 伯顿 主编 ;张芝梅 , 陈绪刚 译 | |
| 分册: | ||
| 出版信息: | 北京 北京大学出版社 2005 |
|
| 页数: | 453页 | |
| 开本: | 23cm | |
| 丛书名: | 世界法学译丛 | |
| 单 册: | ||
| 中图分类: | D909.1 | |
| 科图分类: | ||
| 主题词: | 实用主义法学派--研究 , 实用主义法学派 | |
| 电子资源: | ||
| ISBN: | 7-301-08355-6 | |
| 000 | 01459oam2 2200349 450 | |
| 001 | 012007482134 | |
| 005 | 20070522141519.76 | |
| 010 | @a7-301-08355-6@dCNY45.00 | |
| 100 | @a20070515d2005 km y0chiy0120 ea | |
| 101 | 1 | @achi@ceng |
| 102 | @aCN@b110000 | |
| 105 | @ay z 001yy | |
| 106 | @ar | |
| 200 | 1 | @a法律的道路及其影响@Afa lu de dao lu ji qi ying xiang@e小奥利弗·温德尔·霍姆斯的遗产@f(美)斯蒂文·J.伯顿主编@F(mei)si di wen·J.bo dun zhu bian@g张芝梅,陈绪刚译@Gzhang zhi mei,chen xu gang yi |
| 205 | @a第1版 | |
| 210 | @a北京@c北京大学出版社@d2005 | |
| 215 | @a453页@d23cm | |
| 225 | 2 | @a世界法学译丛 |
| 300 | @a本书大部分文章是1997年爱荷华大学召开的“《法律的道路》在20世纪”百年纪念研讨会论文集 | |
| 306 | @a原书由剑桥大学出版社2000年出版 | |
| 330 | @a本书大部分文章是以1997年1月24~25日在爱荷华大学法学院召开的“《法律的道路》在20世纪”百年纪念研讨会上提交的论文为基础,汇集了美国和加拿大的著名学者对《法律的道路》以及它在现代美国法学中的运用的不同理解。 | |
| 461 | 0 | @12001 @a世界法学译丛 |
| 510 | 1 | @aPath of law and its influence@zeng |
| 517 | 1 | @a小奥利弗·温德尔·霍姆斯的遗产@Axiao ao li fu·wen de er·huo mu si de yi chan |
| 606 | 0 | @a实用主义法学派@x研究 |
| 606 | 0 | @a实用主义法学派 |
| 690 | @aD909.1@v4 | |
| 701 | 1 | @c(美)@a伯顿@Abo dun@b斯蒂文·J.@4主编 |
| 702 | 0 | @a张芝梅@Azhang zhi mei@c(法学)@4译 |
| 702 | 0 | @a陈绪刚@Achen xu gang@4译 |
| 801 | 0 | @aCN@bRULIN@c20070522 |
| 905 | @dD909.1@e322@s8 | |
| 法律的道路及其影响:小奥利弗·温德尔·霍姆斯的遗产/(美)斯蒂文·J.伯顿主编/张芝梅,陈绪刚译.-第1版.-北京:北京大学出版社,2005 |
| 453页;23cm.-(世界法学译丛) |
| 本书大部分文章是1997年爱荷华大学召开的“《法律的道路》在20世纪”百年纪念研讨会论文集 |
| ISBN 7-301-08355-6:CNY45.00 |
| 本书大部分文章是以1997年1月24~25日在爱荷华大学法学院召开的“《法律的道路》在20世纪”百年纪念研讨会上提交的论文为基础,汇集了美国和加拿大的著名学者对《法律的道路》以及它在现代美国法学中的运用的不同理解。 |
| ● |
| 相关链接 |
|
|
|
|
正题名:法律的道路及其影响
索取号:D909.1/322
 
预约/预借
| 序号 | 登录号 | 条形码 | 馆藏地/架位号 | 状态 | 备注 |
| 1 | 0575621 | 205756216 | 第一样本阅览室/ [索取号:D909.1/322] | 在馆 | |
| 2 | 0575622 | 205756225 | 密集书库/ [索取号:D909.1/322] | 在馆 | |
| 3 | 0575623 | 205756234 | 第一借阅区/ [索取号:D909.1/322] | 在馆 | |
| 4 | 0575624 | 205756243 | 第一借阅区/ [索取号:D909.1/322] | 在馆 | |
| 5 | 0575625 | 205756252 | 密集书库/ [索取号:D909.1/322] | 在馆 | |
| 6 | 0575626 | 205756261 | 第一借阅区/ [索取号:D909.1/322] | 在馆 | |
| 7 | 0575627 | 205756270 | 第一借阅区/ [索取号:D909.1/322] | 在馆 | |
| 8 | 0575628 | 205756289 | 第一借阅区/ [索取号:D909.1/322] | 在馆 |